banner-ar

ADVANCED DIFFERENTIAL EQUATIONS : INCLUDING BOUNDARY VALUE PROBLEMS AND INTEGRAL TRANSFORMS. / (Record no. 19769)

MARC details
000 -الفاتح
حقل البيانات ثابتة الطول 00484nam a2200157Ia 4500
008 - عناصر البيانات ثابتة الطول - معلومات عامة
حقل البيانات ثابتة الطول 140319s9999 xx 000 0 eng d
040 ## - مصدر الفهرسة
وكالة الفهرسة الأصلية GCL /
وكالة النسخ GCL
082 04 - رقم تصنيف ديوى العشرى
رقم التصنيف 511.33
رقم المادة R A
100 1# - المدخل الرئيسى - إسم شخصى
الإسم الشخصى RAISINGHANIA, M.D.
245 10 - بيان العنوان
العنوان ADVANCED DIFFERENTIAL EQUATIONS : INCLUDING BOUNDARY VALUE PROBLEMS AND INTEGRAL TRANSFORMS. /
بيان المسئوليه,etc RAISINGHANIA, M.D.
260 ## - PUBLICATION, DISTRIBUTION, ETC. (IMPRINT)
تاريخ النشر أو التوزيع 1991
650 04 - المدخل الاضافى بالموضوع-مصطلح موضوعى
مصطلح موضوعي MATHEMATICS
650 04 - المدخل الاضافى بالموضوع-مصطلح موضوعى
مصطلح موضوعي EQUATIONS
942 ## - عناصر المدخل الإضافي( كوها)
مصدر التصنيف او مخطط الترفيف Dewey Decimal Classification
Koha [default] item type كتاب
260 ## - PUBLICATION, DISTRIBUTION, ETC. (IMPRINT)
-- [S.N] :
-- S. CHAND & COMPANY LTD ،
Holdings
حالة التراجع حالة الفقد حالة تلف ليس للاعارة المكان المؤقت الموقع الحالى تاريخ الاكتساب اجمالي اﻻعارات رقم الطلب الباركود تاريخ اخر مشاهدة تاريخ تفعيل السعر نوع وعاء كوها
        مكتبة القاهرة الكبرى مكتبة القاهرة الكبرى 03/26/2014   511.33\R A 37486 03/26/2014 03/26/2014 كتاب

Powered By

EGPV